00504nam a22001692 4500001001100000005001700011008004100028020001700069040001500086100003800101245007300139250001300212260004400225300001800269650004400287852000300331000001933720151217155901.0101103s xx 000 0 eng d a996685455x : aKABUcKABU1 aOtunga, Ruth Nabwala.@000017905914aThe Dilemma of curriculum relevance in Kenya /cRuth Nabwala Otunga. a1st ed. aEldoret :bMoi University Press,c2010. axviii, 96 p. 0aCurriculum planningzKenya.@00001790601